| 000 | 00671nam a22001577a 4500 | ||
|---|---|---|---|
| 003 | OSt | ||
| 005 | 20150919153948.0 | ||
| 008 | 150919b xxu||||| |||| 00| 0 eng d | ||
| 040 | _cRUA | ||
| 082 | _aAGR MEN 2008 B036 Or.1 | ||
| 100 |
_9883 _aMEN, VANNARY. |
||
| 245 | _aEffectiveness of organic and chemical fertilizer on lettuce at royal university of agriculture ប្រសិទ្ធភាពជីសរីរាង្គ និង ជីគីមីលើដំណាំសាលាដនៅសាកលវិទ្យាល័យភូមិន្ទកសិកម្ម | ||
| 260 |
_aPhnom Penh _bRUA _c2008 |
||
| 300 |
_axi; 43p. _bill. _c29cm. |
||
| 942 |
_2ddc _cAGR |
||
| 999 |
_c851 _d851 |
||